The narrow smile: (Record no. 18430)

MARC details
000 -LEADER
fixed length control field 00815cam a22002651 4500
001 - CONTROL NUMBER
control field 10269190
003 - CONTROL NUMBER IDENTIFIER
control field BDDh-ASL
005 - DATE AND TIME OF LATEST TRANSACTION
control field 20231015025716.0
008 - FIXED-LENGTH DATA ELEMENTS--GENERAL INFORMATION
fixed length control field 760107s1955 enk 000 0 eng
010 ## - LIBRARY OF CONGRESS CONTROL NUMBER
LC control number 55038882
015 ## - NATIONAL BIBLIOGRAPHY NUMBER
National bibliography number GB55-6925
035 ## - SYSTEM CONTROL NUMBER
System control number (OCoLC)1915798
040 ## - CATALOGING SOURCE
Original cataloging agency DLC
Transcribing agency DGW
Modifying agency BDDh-ASL
-- Uk
-- DLC
050 00 - LIBRARY OF CONGRESS CALL NUMBER
Classification number DS432.P4
Item number M3 1955a
082 ## - DEWEY DECIMAL CLASSIFICATION NUMBER
Classification number 910.92
Item number MAN
100 1# - MAIN ENTRY--PERSONAL NAME
Personal name Mayne, Peter.
245 14 - TITLE STATEMENT
Title The narrow smile:
Remainder of title a journey back to the North-west frontier/
Statement of responsibility, etc. by Peter Mayne.
250 ## - EDITION STATEMENT
Edition statement [1st ed.]
260 ## - PUBLICATION, DISTRIBUTION, ETC.
Place of publication, distribution, etc. London:
Name of publisher, distributor, etc. Murray,
Date of publication, distribution, etc. 1955.
300 ## - PHYSICAL DESCRIPTION
Extent vii, 264 p. :
Other physical details illus. ;
Dimensions 22 cm.
500 ## - GENERAL NOTE
General note American ed. (Garden City, N. Y., Doubleday) has title: Journey to the Pathans.
650 #0 - SUBJECT ADDED ENTRY--TOPICAL TERM
Topical term or geographic name entry element Pushtuns.
906 ## - LOCAL DATA ELEMENT F, LDF (RLIN)
a 7
b cbc
c oclcrpl
d u
e ncip
f 19
g y-gencatlg
942 ## - ADDED ENTRY ELEMENTS (KOHA)
Source of classification or shelving scheme Dewey Decimal Classification
Koha item type Books
Holdings
Withdrawn status Lost status Source of classification or shelving scheme Damaged status Not for loan Collection code Home library Current library Shelving location Date acquired Source of acquisition Total Checkouts Full call number Barcode Date last seen Copy number Price effective from Koha item type Public note
    Dewey Decimal Classification   Not For Loan Non-fiction Asiatic Society Library Asiatic Society Library Harrison Collection 09/29/2020 Donated by Prof. John B. Harrison   910.92 MAN 101620 09/29/2020 C-1 09/29/2020 Books RARE

Powered by Koha